000 00489nam a22001697a 4500
020 _a9788177582383
082 _a621.4021 EAS
100 _aEastop, T. D. (Thomas D.)
245 _aApplied thermodynamics for engineering technologists
250 _a5th ed.
260 _aNew Delhi, India
_bPearson Educations
_c1993
300 _a735 p.
_bill. ;
500 _aIncludes bibliographical references and index.
650 _aThermodynamics.
700 _aMcConkey, A. (Allan)
942 _cBK
999 _c12400
_d12400